Indian economy: Its nature and problems (Record no. 22887)

MARC details
000 -LEADER
fixed length control field 00336nam a2200133Ia 4500
082 ## - DEWEY DECIMAL CLASSIFICATION NUMBER
Classification number 33(540)
Item number ALA
100 ## - MAIN ENTRY--AUTHOR NAME
Personal name ALAK GHOSH
245 #0 - TITLE STATEMENT
Title Indian economy: Its nature and problems
250 ## - EDITION STATEMENT
Edition statement Ed.18
260 ## - PUBLICATION, DISTRIBUTION, ETC. (IMPRINT)
Place of publication Calcutta
Name of publisher World Press
Year of publication 1974
650 ## - SUBJECT ADDED ENTRY--TOPICAL TERM
Topical Term Indian economy
942 ## - ADDED ENTRY ELEMENTS (KOHA)
Koha item type Books
Holdings
Withdrawn status Lost status Damaged status Not for loan Home library Current library Date acquired Full call number Accession Number Koha item type
        RRII Library RRII Library 16/12/2021 33(540) ALA 03598 Books